[Event "Barcelona Rubi op-B 5th"]
[Site "Barcelona"]
[Date "2004.04.??"]
[Round "3"]
[White "Baldris Vila, Miquel"]
[Black "Bulgani Novell, Jaime"]
[Result "0-1"]
[WhiteElo "1705"]
[BlackElo "1750"]
[PlyCount "28"]
[EventDate "2004.04.25"]
[EventType "swiss"]
[EventRounds "7"]
[EventCountry "ESP"]
[SourceTitle "EXT 2007"]
[Source "ChessBase"]
[SourceDate "2006.11.23"]
[SourceVersion "1"]
[SourceVersionDate "2006.11.23"]
[SourceQuality "1"]

1. e4 c5 2. Nf3 a6 3. d4 cxd4 4. Nxd4 Nf6 5. Nc3 e5 6. Nf3 Bb4 7. Bg5 Qa5 8. Qd3 Nxe4 9. Bd2 Nxd2 10. Qxd2 d5 11. Qe3 0-0 12. Nxe5 Re8 13. Rd1 Nc6 14. Rxd5 Qxd5 0-1

[Event "Barcelona Rubi op-B 5th"]
[Site "Barcelona"]
[Date "2004.04.??"]
[Round "5"]
[White "Beltran Pubill, Albert"]
[Black "Bulgani Novell, Jaime"]
[Result "0-1"]
[WhiteElo "1895"]
[BlackElo "1750"]
[PlyCount "119"]
[EventDate "2004.04.25"]
[EventType "swiss"]
[EventRounds "7"]
[EventCountry "ESP"]
[SourceTitle "EXT 2007"]
[Source "ChessBase"]
[SourceDate "2006.11.23"]
[SourceVersion "1"]
[SourceVersionDate "2006.11.23"]
[SourceQuality "1"]

1. e4 c5 2. Nc3 Nc6 3. g3 Nf6 4. Bg2 g6 5. d3 Bg7 6. Nge2 0-0 7. 0-0 d6 8. a3 Bd7 9. Bd2 Qc8 10. Qc1 Re8 11. Bh6 Bh8 12. Rb1 Bh3 13. Nf4 Bxg2 14. Kxg2 Ng4 15. Nh3 Nxh6 16. Qxh6 Bg7 17. Qh4 h6 18. Qf4 Nd4 19. Qd2 e6 20. Ng1 b5 21. Nce2 Nxe2 22. Nxe2 Qc6 23. Kg1 Rec8 24. f3 a5 25. c3 d5 26. Kg2 dxe4 27. dxe4 Rd8 28. Qc2 Rd7 29. Rfd1 Rad8 30. Rxd7 Qxd7 31. b4 cxb4 32. cxb4 Qd2 33. Rc1 axb4 34. axb4 Qxb4 35. Rb1 Qd2 36. Qxd2 Rxd2 37. Kf1 Rb2 38. Rxb2 Bxb2 39. Ke1 Kf8 40. Kd2 Ke7 41. Nc3 Bxc3+ 42. Kxc3 Kd6 43. Kb4 Kc6 44. e5 g5 45. f4 gxf4 46. gxf4 Kd5 47. Kxb5 Ke4 48. Kc4 Kxf4 49. Kd4 h5 50. h4 Kf5 51. Ke3 Kxe5 52. Kf3 Kf6 53. Kg3 Ke5 54. Kf3 f6 55. Kg3 Ke4 56. Kf2 e5 57. Kg2 Kf4 58. Kf2 Kg4 59. Ke3 f5 60. Kf2 0-1